| 000 | 00809nam a2200289Ia 4500 | ||
|---|---|---|---|
| 003 | OSt | ||
| 005 | 20220912151148.0 | ||
| 006 | a|||||r|||| 00| 0 | ||
| 007 | ta | ||
| 008 | 220909b |||||||| |||| 00| 0 eng d | ||
| 020 | _a0415912644 (pbk) | ||
| 024 | _a4545 | ||
| 037 | _bSelectbook, | ||
| 037 | _cTextual | ||
| 040 |
_aCSL _beng _cCSL |
||
| 041 | _aeng | ||
| 082 | _aY7:1, N6 | ||
| 100 | _aKnauft Bruce M | ||
| 245 | 0 | _aGenealogies for the present in cultural anthropology | |
| 260 |
_aNew York _b Routledge _c1996 |
||
| 300 |
_aviii, 384p. _ccm. |
||
| 500 |
_aBibliographical references 315-375p. _ccm.; Index 387-384p. _ccm. |
||
| 650 | _a Culture | ||
| 650 | _aAnthropology | ||
| 942 |
_hY7:1, N6 _cTEXL _2CC |
||
| 999 |
_c62515 _d62515 |
||